| 000 | 00382nam a22001217a 4500 | ||
|---|---|---|---|
| 999 |
_c9938 _d9938 |
||
| 003 | OSt | ||
| 008 | 201217b ||||| |||| 00| 0 eng d | ||
| 245 | _aTraining and Development Journal | ||
| 250 | _a2017(Jan-Jun Vol.8 No.1, Jul-Dec Vol.8 No.2) 2018(Jan-Jun Vol.9 No.1, Jul-Dec Vol.9 No.2) | ||
| 260 |
_aNew Delhi _bDiva Enterprises Pvt. Ltd. |
||
| 650 | _aManagement | ||
| 942 |
_2ddc _cBV |
||